000 00706nam a2200205 i 4500
001 182206
003 ES-MaACL
005 20231214142650.0
008 130626s1986 sp |||| | spa d
020 _a84-505-3445-3
080 _a821.134.2-14"19"
100 1 _aMalo de Molina y León, Joaquín.
_9152757
245 1 0 _aSoria nostálgica /
_c[Joaquín Malo de Molina y León].
260 _aSoria :
_bPublicaciones de la Diputación Provincial,
_c1986.
300 _a64 p. ;
_c22 cm.
852 _aES-MaACL
_jN-5777
_9189117
_bR.148818
_cDEPO1
_dOlim: N-5777
_xDonación: África Malo
903 _aMalo de Molina, África
_ednr
_975837
942 _2udc
_cMONOGRAFIA
999 _c182206
_d182206